000 00395nam a2200145Ia 4500
008 231129s1995||||xx |||||||||||||| ||spa||
020 _a968-6987-04-5
040 _bspa
082 _a347.73 M482t
100 _aMeador Daniel John
245 0 _aLos tribunales de los Estados Unidos
260 _c1995
264 _aPereznieto Editores
942 _2ddc
_cBKS
999 _c20114
_d20114